• 首页
  • 本馆介绍
  • 公告通知
  • 最新文献
  • 馆藏检索
  • 电子资源
  • 读者导购
  • 参考咨询
  • 我的图书馆
  • 登录
  • 详细信息显示
  • 放入我的书架
  • 预约/预借图书
  • 作者相关作品
  • 分类相关作品
  • 丛书相关作品
  • 出版社相关作品

书目信息

  • 表格格式
  • 工作单格式
  • 卡片格式
题名:
肠胃病中医辨证治疗全书
    
 
作者: 王风 编著
分册:  
出版信息: 南宁   广西科学技术出版社  2004
页数: 276页
开本: 20cm
丛书名:
单 册:
中图分类: R22
科图分类:
主题词: 肠胃病--基础理论 , CT--肠胃病 , CT--基础理论
电子资源:
ISBN: 7-80619-741-9
000 00856nam0 2200253 450
001 0123456211110
005 20070730143836.73
010    @a7-80619-741-9@dCNY23.50
100    @a20050520d2004 em y0chiy0110 ea
101 0  @achi
102    @aCN@b450000
105    @ay z 000yy
200 1  @a肠胃病中医辨证治疗全书@AChang Wei Bing Zhong Yi Bian Zheng Zhi Liao Quan Shu@f王风编著@FWang Feng Bian Zhu
210    @a南宁@c广西科学技术出版社@d2004
215    @a276页@d20cm
300    @a实用中医疗法
330    @a本书分为四大章。分别为:肠胃病中医辨证、肠胃病中医验方、胃肠病中医食疗和肠胃病民间偏方。其中每一章又分为好多章节,细致的说明了肠胃病的治疗方法。
606 0  @a肠胃病@x基础理论
606 0  @2CT@a肠胃病
606 0  @2CT@a基础理论
690    @aR22@v4
701  0 @a王风@AWang Feng@4编著
801  0 @aCN@bWHC@c20070730
905    @a10447@dR22@e224
    
    肠胃病中医辨证治疗全书/王风编著.-南宁:广西科学技术出版社,2004
    276页;20cm
    实用中医疗法
    
    ISBN 7-80619-741-9:CNY23.50
    本书分为四大章。分别为:肠胃病中医辨证、肠胃病中医验方、胃肠病中医食疗和肠胃病民间偏方。其中每一章又分为好多章节,细致的说明了肠胃病的治疗方法。
●
相关链接 在E读中查询图书 在五车中查询图书 在当当中查询图书 在豆瓣中查询图书


正题名:肠胃病中医辨证治疗全书     索取号:R22/224         预约/预借

序号 登录号 条形码 馆藏地/架位号 状态 备注
1 0789966   207899666   第二样本阅览室/ [索取号:R22/224] 在馆    
2 0789967   207899675   第三借阅区/ [索取号:R22/224] 在馆    
3 0789968   207899684   第三借阅区/ [索取号:R22/224] 在馆    
4 0789969   207899693   第三借阅区/ [索取号:R22/224] 在馆    
5 0789970   207899700   第三借阅区/ [索取号:R22/224] 在馆    
唐山师范学院图书馆 欢迎您!
大连网信软件有限公司© 版权所有